00550nam a22001937a 450000500170000001000150001702000260003202000230005803500140008103700130009508200120010810000160012024500600013625000120019626000450020827000500025330000340030350000190033720170403163229.0 aENG-117699 a9789385965562c499.00 a9385965565c499.00 aEN-101231 bDBAD/PUB a332.632 aSinha,Madhu aFinancil planning :cby Madhu Sinhaba ready reckoner / a2nd ed. aNew DelhibMc Graw Hill Education c2017 aP-24, Green Park ExtensionbNew Delhie110016v axiii,268p. :c23cm (pbk)bill aIncludes index